01519ngm a2200277 a 450000500170000000800410001704100080005808200180006611000360008424501310012025000180025130000540026949000280032352005560035153400450090765000320095265000400098465000310102494200130105526400350106833600270110333700330113033800280116304000350119199900150122620220317001840.0170410s2009 c g 000 0 s  aspa04a612.835bD37c2 aDiscovery Communications97790910aCuerpo humano al límitebel cerebro = Human body pushing the limitsbthe braincDiscovery Communicationshvideodisco digital a1a. edición a1 DVD (60 minutos)bsonido, color, digitalc12 cm aDiscovery en la escuela aLa fuerza que nos mueve proviene del órgano más poderoso del mundo: el cerebro humano. Nuestra unidad de procesamiento central genera la misma cantidad de impulsos eléctricos en un día que todos los teléfonos del mundo juntos. Gracias a imágenes de última tecnología de esta compleja y misteriosa máquina, podremos observar cómo la actividad del cerebro se acelera cuando enfrentamos situaciones peligrosas o de máximo estrés, y exploramos sus capas más profundas para desentreñar instintos de supervivencia prehistóricos tHuman body pushing the limits: the brain142LEMBaNeuronasvVideodiscos142LEMBaSistema nerviosovVideodiscos142LEMBaCerebrovVideodiscos 2ddccDVD aBogotábMS Tv & Videosc2009 atextobtxt2rdacontent asin mediaciónbn2rdamedia avolumenbnc2rdacarrier aCO-BoRNBPbspaerdacCO-BoRNBP c8300d8300